Arabic Vocab - Most Frequent 1-100 - Random - Statistics

General Stats
  • This quiz has been taken 252 times
  • The average score is 16 of 25
Answer Stats
Hint Answer % Correct
أَب father/dad
100%
لا no/not
97%
أَخ brother
96%
اِسم name
94%
يَوم day/today
93%
كَيفَ how
93%
في in/at
93%
وَ and
92%
واحِد one/single
92%
كَبير large/big/great/important
91%
الله God/Allah
89%
ال the
88%
أنتَ you
88%
كُلّ each/every/all
86%
هُوَ he/it
86%
رَجُل man
86%
أَنا I
85%
عَمَل work/activity/action
85%
مَع with
83%
مَن who/whom
82%
سَنة year
82%
عَلَى on/above
81%
هذا this/these
81%
هَذِهِ this/these
81%
نَحنُ we
81%
لِ for/to
79%
جَديد new/modern
78%
هِيَ she/it/they
78%
مِن from/since/of
76%
يا O!/Sir!/Hey!
76%
أَمريكي American
75%
عَرَبي Arab
75%
هُناك there
75%
وَقت time/moment
74%
مِثل like
71%
بَعد after
70%
أَوَّل first/best
70%
ما what/whatever
70%
لكِنَّ however/but
69%
عَرَف know
69%
ما not/no
69%
أَو or
69%
نَفس same/self
69%
شَيء thing
69%
إِلى to/towards
69%
كَثير many/much/numerous
68%
قال say
68%
هَل do/is
66%
أَحَد one/someone
65%
مَوضوع subject/topic/issue
65%
عالَم world
65%
قَبل before
64%
كان be/was
64%
لكِن however/but
64%
لَيسَ not
64%
دَولة state/country
64%
مَرَّة time/moment/occasion
64%
عِند with/next to/at/have
63%
أَي what/which/any
62%
حَياة life
61%
غَير not/other/different
61%
رَئيس president/leader
61%
لَو if
60%
بَينَ between/among
58%
لِأَنَّ because
56%
عام year
56%
بَلَد country/nation
55%
بَعض some/several
54%
حَتّى until/up to
54%
بِ with/by
53%
فَ and/so
52%
رَأَى see
52%
ذلِك that
52%
إِذا if/when
50%
وَزير minister
50%
أكثَر more/most/greater/greatest
50%
أَنَّ that
44%
حَقّ truth
44%
الَّذي who/whom/which/that
44%
إِن if/whether
40%
آخَر other/another
40%
أَمكَن possible/possibly/can
39%
خِلال during/through
38%
عَن from/about
38%
حَيث where/since/because
38%
الَّتي who/whom/which/that
38%
إِلَّا except/but
36%
قُوَّة power/strength/force
36%
أَن to
36%
جَميع everyone/together
33%
مِنطَقَة region/area
31%
ثان second/additional/next
31%
لَم did not/didn't
30%
عامّ common/public
19%
قَد may/already/perhaps
19%
كَما and/also/as well
15%
أَمر matter/issue/concern/problem
14%
إِنَّ that
12%
تَمّ finish/happen/occur
11%
بِ now/presently/continuously
0%
No matching quizzes found
Score Distribution
Percent of People with Each Score
Percentile by Number Answered
Your Score History
You have not taken this quiz